Statistics for Leaders of Brazil

Click here to take the quiz!

General Stats

  • This quiz has been taken 106 times
    (94 since last reset)
  • The average score is 23 of 38

Answer Stats

PeriodGovernmentLeader% Correct
New Republic2003 - 2010Luiz Inácio Lula da Silva
95%
New Republic2019 -Jair Bolsonaro
93%
New Republic2011 - 2016Dilma Rousseff
92%
Imperial1822 - 1831Dom Pedro I
90%
Imperial1840 - 1889Dom Pedro II
90%
New Republic2016 - 2018Michel Temer
88%
Second Republic / Vargas Era / Populist Republic1930 - 1945 / 1951 - 1954Getúlio Vargas
87%
New Republic1995 - 2002Fernando Henrique Cardoso
80%
Populist Republic1961 - 1964João Goulart
78%
Populist Republic1956 - 1961Juscelino Kubitschek
73%
New Republic1990 - 1992Fernando Collor
70%
Old Republic1889 - 1891Deodoro da Fonseca
68%
Military Government1979 - 1985João Figueiredo
68%
New Republic1985 - 1990José Sarney
68%
Military Government1969 - 1974Emílio Garrastazu Médici
67%
Old Republic1891 - 1894Floriano Peixoto
67%
Military Government1967 - 1969Artur da Costa e Silva
65%
New Republic1992 - 1994Itamar Franco
65%
Military Government1964 - 1967Humberto Castelo Branco
63%
Populist Republic1961Jânio Quadros
62%
Old Republic1926 - 1930Washington Luís
57%
Military Government1974 - 1979Ernesto Geisel
55%
Populist Republic1946 - 1951Eurico Gaspar Dutra
55%
Populist Republic1954 - 1955Café Filho
53%
Old Republic1909 - 1910Nilo Peçanha
50%
Old Republic1910 - 1914Hermes da Fonseca
47%
Old Republic1894 - 1898Prudente de Morais
47%
Populist Republic / Military Government1961 / 1964Ranieri Mazzilli
47%
Old Republic1902 - 1906Rodrigues Alves
40%
Old Republic1898 - 1902Campos Sales
38%
Old Republic1906 - 1909Afonso Pena
37%
Old Republic1922 - 1926Artur Bernardes
37%
Vargas Era1945 - 1946José Linhares
37%
Populist Republic1956 - 1956Nereu Ramos
37%
Old Republic1914 - 1918Venceslau Brás
37%
Populist Republic1955Carlos Luz
32%
Old Republic1919 - 1922Epitácio Pessoa
32%
Old Republic1918 - 1919Delfim Moreira
23%

Score Distribution

Percentile by Number Answered

Percent of People with Each Score

Your Score History

You have not taken this quiz since the last reset